Bible by Letter - C - Statistics

General Stats
  • This quiz has been taken 125 times
  • The average score is 10 of 15
Answer Stats
Hint Answer % Correct
First murderer Cain
96%
What Jesus died on Cross
95%
When Jesus was crucified, he was given a _____ of thorns Crown
95%
Joseph was given a ____ of many colours Coat
84%
What believers of Jesus are called, which started as a rude name Christian
78%
Paul wrote a letter to ______ while not in jail Corinth
77%
The rainbow signified God's ________ with Noah Covenant
72%
The breaking of bread to signify Jesus' body Communion
69%
Last of the Ten Commandments: You shall not _____ Covet
68%
Old Testament books: 1st and 2nd _________ Chronicles
52%
Place where spies wrongly reported cannibalistic giants Canaan
47%
There were seven days of this Creation
45%
A type of heavenly being Cherubim
41%
Epistle written by Paul while he was in prison Colossians
41%
Spy, friend of Joshua Caleb
30%
No matching quizzes found
Score Distribution
Percent of People with Each Score
Percentile by Number Answered
Your Score History
You have not taken this quiz